| 000 | 00616nam a2200241 a 4500 | ||
|---|---|---|---|
| 001 | nice12345678 | ||
| 003 | IN_TiNIC | ||
| 005 | 20260116011935.0 | ||
| 008 | 050524s1926 laha grp 000 0 urd | ||
| 020 |
_a _c100 |
||
| 082 | 0 | 0 |
_a242 _bBUS |
| 100 | _aBushill, P N | ||
| 245 | _aDua Ki Haqiqat | ||
| 260 |
_aLahore _bBaptist Mission _c1926 |
||
| 300 | _a84p | ||
| 500 | _aincludes index and biblioraphy | ||
| 505 | 2 | _areprinted from"the bulletin of the john Rylands Library 1927,V.2,No.1 | |
| 650 | _aPrayer-Christianity | ||
| 700 | 1 | _aBushill, P N | |
| 902 | _bSRS | ||
| 942 | _cBK | ||
| 999 |
_c4988 _d4988 |
||